000 00570nam a2200205Ia 4500
008 101110s9999 xx 000 0 und d
041 _aENGLISH
082 _bJR2675
100 _aApsangikar, Dhage
245 _aSteps in Biology Std.XII ( Seventh Rev. Edition )
260 _c1993
365 _b48
520 _aBiology/Zoology
546 _aENGLISH
630 _aSteps in Biology Std.XII ( Seventh Rev. Edition )
650 _aBiology/Zoology
655 _aBiology/Zoology
730 _aSteps in Biology Std.XII ( Seventh Rev. Edition )
942 _cBOOK
999 _c794388
_d794385